000 01186cam a22003258i 4500
001 2644
005 20250619151106.0
020 _a9780439286060
040 _aDLC
_beng
_erda
_cDLC
050 1 0 _aPZ7.P52112
_bFr 2018
082 0 0 _a813
_223
100 1 _aPhilbrick, Rodman
_q(W. Rodman),
_eauthor.
245 1 0 _aFreak the Mighty /
_cby Rodman Philbrick
250 _aLarge print edition.
260 _aNew York :
_bScholastic,
_c1993
300 _a169 pages :
_c20cm
500 _a"Thorndike PressĀ® Large Print Mini-Collections."
505 _aZ
520 _aAt the beginning of eighth grade, learning disabled Max and his new friend Freak, whose birth defect has affected his body but not his brilliant mind, find that when they combine forces they make a powerful team.
521 _a930
_bLexile
521 _aZ
_bRaz-Plus
650 0 _aLarge type books.
650 1 _aLearning disabilities
_vFiction.
650 1 _aPeople with disabilities
_vFiction.
650 1 _aFriendship
_vFiction.
650 1 _aLarge type books.
650 7 _aJUVENILE FICTION / Social Issues / Friendship.
_2bisacsh
906 _a7
_bcbc
_corignew
_d1
_eecip
_f20
_gy-gencatlg
942 _2ddc
_cBK
_n0
999 _c2644
_d2644